[Event "BIH-chT 16th"]
[Site "Sarajevo"]
[Date "2017.08.29"]
[Round "7.1"]
[White "Bosnjak, Damir"]
[Black "Runic, Zoran"]
[Result "0-1"]
[WhiteElo "2244"]
[BlackElo "2368"]
[PlyCount "61"]
[EventDate "2017.08.24"]
[EventType "team-tourn"]
[EventRounds "9"]
[EventCountry "BIH"]
[SourceTitle "CBM 180 Extra"]
[Source "ChessBase"]
[SourceDate "2017.10.06"]
[SourceVersion "1"]
[SourceVersionDate "2017.10.06"]
[SourceQuality "1"]
[WhiteTeam "Siroki Brijeg"]
[BlackTeam "Bratunac"]
[WhiteTeamCountry "BIH"]
[BlackTeamCountry "BIH"]

1. e4 c5 2. Nf3 d6 3. d4 cxd4 4. Nxd4 Nf6 5. Nc3 g6 6. f3 Bg7 7. Be3 0-0 8. Bc4 Nc6 9. Qd2 Bd7 10. 0-0-0 Ne5 11. Bb3 Qa5 12. Bh6 Rfc8 13. Bxg7 Kxg7 14. Nd5 Qxd2+ 15. Rxd2 Nxd5 16. exd5 a5 17. a4 g5 18. h4 h6 19. g3 Rc5 20. hxg5 hxg5 21. f4 gxf4 22. gxf4 Ng4 23. f5 Rg8 24. Rg2 Kf8 25. Re1 Nf6 26. Rge2 Rg4 27. Nb5 Bxb5 28. axb5 Rb4 29. Ba2 Rbxb5 30. Rxe7 Rb4 31. c3 0-1

[Event "BIH-chT 16th"]
[Site "Sarajevo"]
[Date "2017.08.25"]
[Round "2.3"]
[White "Maksimovic, Bojan"]
[Black "Bosnjak, Damir"]
[Result "1-0"]
[WhiteElo "2324"]
[BlackElo "2244"]
[PlyCount "87"]
[EventDate "2017.08.24"]
[EventType "team-tourn"]
[EventRounds "9"]
[EventCountry "BIH"]
[SourceTitle "CBM 180 Extra"]
[Source "ChessBase"]
[SourceDate "2017.10.06"]
[SourceVersion "1"]
[SourceVersionDate "2017.10.06"]
[SourceQuality "1"]
[WhiteTeam "Busovaca Hrasno"]
[BlackTeam "Siroki Brijeg"]
[WhiteTeamCountry "BIH"]
[BlackTeamCountry "BIH"]

1. e4 d6 2. d4 Nf6 3. Nc3 e5 4. Nf3 Nbd7 5. Bc4 Be7 6. 0-0 0-0 7. Re1 c6 8. a4 a5 9. h3 Ne8 10. Ne2 Nc7 11. Ng3 d5 12. Bd3 dxe4 13. Bxe4 exd4 14. Nxd4 Nf6 15. Bd3 Re8 16. c3 Ncd5 17. Qf3 Bc5 18. Rxe8+ Qxe8 19. Nb3 Bb6 20. Bd2 Bd7 21. Re1 Qf8 22. Ne4 Nxe4 23. Bxe4 Nf6 24. Bc2 Be6 25. Bg5 Nd7 26. Qd3 g6 27. Nd4 Bxd4 28. Qxd4 Qg7 29. Qd6 h6 30. Be3 Kh7 31. Bd4 Nf6 32. h4 h5 33. Qe5 Ne8 34. Qxh5+ Qh6 35. Bxg6+ fxg6 36. Qxh6+ Kxh6 37. Rxe6 Rb8 38. Re7 Nd6 39. g4 Re8 40. Be3+ g5 41. hxg5+ Kg6 42. Rxe8 Nxe8 43. f4 Nd6 44. f5+ 1-0

[Event "BIH-chT 12th"]
[Site "Sarajevo"]
[Date "2013.06.21"]
[Round "7.3"]
[White "Bosnjak, Damir"]
[Black "Hadzovic, Amir"]
[Result "1/2-1/2"]
[WhiteElo "2274"]
[BlackElo "2212"]
[PlyCount "83"]
[EventDate "2013.06.15"]
[EventType "team-tourn"]
[EventRounds "9"]
[EventCountry "BIH"]
[SourceTitle "CBM 155 Extra"]
[Source "ChessBase"]
[SourceDate "2013.08.26"]
[SourceVersion "1"]
[SourceVersionDate "2013.08.26"]
[SourceQuality "1"]
[WhiteTeam "Sarajevo Napredak"]
[BlackTeam "Sarajevo Alpong"]
[WhiteTeamCountry "BIH"]
[BlackTeamCountry "BIH"]

1. e4 e5 2. Nf3 Nc6 3. d4 exd4 4. Nxd4 Bc5 5. Be3 Qf6 6. c3 Nge7 7. g3 d6 8. Bg2 Bd7 9. 0-0 Ne5 10. h3 Nc4 11. Bc1 Nc6 12. Nxc6 Bxc6 13. b4 Bb6 14. a4 a6 15. Qe2 Qe6 16. Nd2 Nxd2 17. Bxd2 0-0 18. Qd3 Rae8 19. Rfe1 Qg6 20. b5 axb5 21. axb5 Bd7 22. c4 Qh5 23. g4 Qh4 24. Be3 Bxe3 25. Rxe3 Ra8 26. Rf1 Be6 27. e5 Rad8 28. Bxb7 dxe5 29. Qc3 Rd4 30. Rxe5 Rxc4 31. Qd3 Qd8 32. Qxd8 Rxd8 33. f4 Rc2 34. f5 Bc4 35. Rfe1 h6 36. Re8+ Rxe8 37. Rxe8+ Kh7 38. Bc6 Rc1+ 39. Kg2 Rb1 40. Kf2 Bxb5 41. Bxb5 Rxb5 42. Re7 1/2-1/2

[Event "BIH-chT 12th"]
[Site "Sarajevo"]
[Date "2013.06.19"]
[Round "5.2"]
[White "Stojanovic, Dobrisav"]
[Black "Bosnjak, Damir"]
[Result "1/2-1/2"]
[WhiteElo "2361"]
[BlackElo "2274"]
[PlyCount "21"]
[EventDate "2013.06.15"]
[EventType "team-tourn"]
[EventRounds "9"]
[EventCountry "BIH"]
[SourceTitle "CBM 155 Extra"]
[Source "ChessBase"]
[SourceDate "2013.08.26"]
[SourceVersion "1"]
[SourceVersionDate "2013.08.26"]
[SourceQuality "1"]
[WhiteTeam "Prijedor Rudar"]
[BlackTeam "Sarajevo Napredak"]
[WhiteTeamCountry "BIH"]
[BlackTeamCountry "BIH"]

1. d4 Nf6 2. c4 e6 3. Nf3 d5 4. Nc3 c6 5. Bg5 Be7 6. e3 0-0 7. Qc2 Nbd7 8. 0-0-0 dxc4 9. Bxc4 b5 10. Bd3 h6 11. h4 1/2-1/2

[Event "BIH-chT 11th"]
[Site "Jahorina"]
[Date "2012.06.02"]
[Round "1.1"]
[White "Bosnjak, Damir"]
[Black "Prastalo, Borislav"]
[Result "1/2-1/2"]
[WhiteElo "2298"]
[BlackElo "2314"]
[PlyCount "63"]
[EventDate "2012.06.02"]
[EventType "team-tourn"]
[EventRounds "9"]
[EventCountry "BIH"]
[SourceTitle "CBM 148 Extra"]
[Source "ChessBase"]
[SourceDate "2012.06.22"]
[SourceVersion "1"]
[SourceVersionDate "2012.06.22"]
[SourceQuality "1"]
[WhiteTeam "Sarajevo Napredak"]
[BlackTeam "Prijedor Rudar"]
[WhiteTeamCountry "BIH"]
[BlackTeamCountry "BIH"]

1. e4 e5 2. Nf3 Nc6 3. d4 d6 4. Bc4 Be7 5. h3 Nf6 6. Nc3 0-0 7. 0-0 a6 8. a4 Nxe4 9. Nxe4 d5 10. Bxd5 Qxd5 11. Nc3 Qd6 12. dxe5 Nxe5 13. Nxe5 Qxe5 14. Re1 Qd6 15. Qf3 c6 16. Bf4 Qf6 17. Qg3 Be6 18. Ne4 Qf5 19. Bh6 Bf6 20. Nxf6+ Qxf6 21. Bf4 b5 22. b3 Rfe8 23. Be5 Qg6 24. Qxg6 hxg6 25. f3 Bf5 26. axb5 axb5 27. Rxa8 Rxa8 28. c3 Re8 29. Kf2 f6 30. Bd4 Rxe1 31. Kxe1 g5 32. Kd2 1/2-1/2

[Event "Zupanja op 5th"]
[Site "Zupanja"]
[Date "2011.08.21"]
[Round "8"]
[White "Bosnjak, Damir"]
[Black "Zovko, Mario"]
[Result "1/2-1/2"]
[WhiteElo "2309"]
[BlackElo "2238"]
[PlyCount "43"]
[EventDate "2011.08.19"]
[EventType "swiss"]
[EventRounds "9"]
[EventCountry "CRO"]
[SourceTitle "CBM 143 Extra"]
[Source "ChessBase"]
[SourceDate "2011.08.29"]
[SourceVersion "1"]
[SourceVersionDate "2011.08.29"]
[SourceQuality "1"]

1. e4 c6 2. d4 d5 3. Nd2 dxe4 4. Nxe4 Bf5 5. Ng3 Bg6 6. h4 h6 7. Nf3 Nd7 8. h5 Bh7 9. Bd3 Bxd3 10. Qxd3 Qc7 11. Ne4 Ngf6 12. g3 Nxe4 13. Qxe4 e6 14. Bd2 0-0-0 15. 0-0-0 Nf6 16. Qe2 Bd6 17. c4 c5 18. Bc3 cxd4 19. Nxd4 a6 20. Nb3 Qc6 21. Rh4 Bc7 22. Nd4 1/2-1/2

[Event "Zupanja op 5th"]
[Site "Zupanja"]
[Date "2011.08.21"]
[Round "9"]
[White "Vajic, Goran"]
[Black "Bosnjak, Damir"]
[Result "1/2-1/2"]
[WhiteElo "2160"]
[BlackElo "2309"]
[PlyCount "135"]
[EventDate "2011.08.19"]
[EventType "swiss"]
[EventRounds "9"]
[EventCountry "CRO"]
[SourceTitle "CBM 143 Extra"]
[Source "ChessBase"]
[SourceDate "2011.08.29"]
[SourceVersion "1"]
[SourceVersionDate "2011.08.29"]
[SourceQuality "1"]

1. e4 d6 2. d4 Nf6 3. Nc3 e5 4. dxe5 dxe5 5. Qxd8+ Kxd8 6. Bg5 Be6 7. 0-0-0+ Nbd7 8. Nd5 Kc8 9. f3 c6 10. Nxf6 gxf6 11. Be3 Bc5 12. Bxc5 Nxc5 13. Ne2 Kc7 14. Ng3 h5 15. Be2 Rag8 16. Rhg1 h4 17. Nf1 f5 18. exf5 Bxf5 19. Ne3 Be6 20. Bc4 Bxc4 21. Nxc4 f6 22. Rd2 h3 23. g3 Rd8 24. Rgd1 Rxd2 25. Rxd2 Ne6 26. c3 Ng5 27. Rf2 b5 28. Ne3 Kd6 29. Kc2 Ke6 30. c4 f5 31. Kb3 Rd8 32. Kc2 f4 33. Nf1 bxc4 34. gxf4 exf4 35. Nd2 Rd3 36. b3 Re3 37. bxc4 Ke5 38. Kb2 a5 39. a4 Kf5 40. Kc2 Ra3 41. Kb2 Rxa4 42. Re2 Rb4+ 43. Kc3 Rb8 44. Re7 Ra8 45. Kd4 Ne6+ 46. Kc3 a4 47. Kb2 a3+ 48. Ka2 Ng5 49. Rd7 Re8 50. Kxa3 Re3+ 51. Kb4 Nxf3 52. Nb3 Nxh2 53. Nd4+ Kg5 54. Rd8 f3 55. Rg8+ Kf4 56. Rh8 Ng4 57. Rf8+ Ke4 58. Nf5 f2 59. Kc5 f1Q 60. Nd6+ Kd3 61. Rxf1 h2 62. Kxc6 Nf2 63. c5 h1Q+ 64. Rxh1 Nxh1 65. Kd7 Re1 66. c6 Rc1 67. c7 Rxc7+ 68. Kxc7 1/2-1/2

[Event "BIH-chT"]
[Site "Neum"]
[Date "2011.06.08"]
[Round "5.5"]
[White "Bosnjak, Damir"]
[Black "Arapovic, Vitomir"]
[Result "1/2-1/2"]
[WhiteElo "2313"]
[BlackElo "2392"]
[PlyCount "23"]
[EventDate "2011.06.04"]
[EventType "team-tourn"]
[EventRounds "9"]
[EventCountry "BIH"]
[SourceTitle "CBM 142 Extra"]
[Source "ChessBase"]
[SourceDate "2011.06.27"]
[SourceVersion "1"]
[SourceVersionDate "2011.06.27"]
[SourceQuality "1"]
[WhiteTeam "Sarajevo Napredak"]
[BlackTeam "Sarajevo Slavija"]
[WhiteTeamCountry "BIH"]
[BlackTeamCountry "BIH"]

1. e4 e6 2. d4 d5 3. Nd2 dxe4 4. Nxe4 Bd7 5. Nf3 Bc6 6. Bd3 Nd7 7. 0-0 Bxe4 8. Bxe4 c6 9. c3 Ngf6 10. Bd3 Be7 11. Bg5 0-0 12. Qe2 1/2-1/2

[Event "BIH-chT"]
[Site "Neum"]
[Date "2011.06.05"]
[Round "2.5"]
[White "Stojanovic, Dalibor"]
[Black "Bosnjak, Damir"]
[Result "1-0"]
[WhiteElo "2503"]
[BlackElo "2313"]
[PlyCount "91"]
[EventDate "2011.06.04"]
[EventType "team-tourn"]
[EventRounds "9"]
[EventCountry "BIH"]
[SourceTitle "CBM 142 Extra"]
[Source "ChessBase"]
[SourceDate "2011.06.27"]
[SourceVersion "1"]
[SourceVersionDate "2011.06.27"]
[SourceQuality "1"]
[WhiteTeam "Sarajevo Bosna"]
[BlackTeam "Sarajevo Napredak"]
[WhiteTeamCountry "BIH"]
[BlackTeamCountry "BIH"]

1. e4 d6 2. d4 Nf6 3. Nc3 e5 4. Nf3 Nbd7 5. Bc4 Be7 6. 0-0 0-0 7. Re1 c6 8. a4 a5 9. h3 h6 10. Ba2 Ne8 11. Ne2 exd4 12. Nexd4 Nc5 13. c3 Nf6 14. Qc2 Nfxe4 15. Rxe4 Nxe4 16. Qxe4 d5 17. Qd3 f5 18. Bf4 Bd6 19. Bxd6 Qxd6 20. Re1 Bd7 21. Ne5 Rae8 22. f4 Bc8 23. Bb1 g6 24. h4 Kh7 25. Re3 Rd8 26. Rg3 Rf6 27. Rxg6 Rdf8 28. h5 Rxg6 29. Nxg6 Rf6 30. Qe3 Bd7 31. Qe5 c5 32. Qxd6 Rxd6 33. Nxf5 Bxf5 34. Bxf5 d4 35. c4 Rb6 36. Ne5+ Kg7 37. Nd3 Rc6 38. Kf2 Kf6 39. Be4 Rc7 40. Kf3 b6 41. g4 Re7 42. Ne5 Re6 43. g5+ Kg7 44. Ng4 hxg5 45. fxg5 Rd6 46. g6 1-0

[Event "BIH-chT1"]
[Site "Tuzla"]
[Date "2010.07.21"]
[Round "5"]
[White "Zupcevic, Nedim"]
[Black "Bosnjak, Damir"]
[Result "0-1"]
[WhiteElo "2118"]
[BlackElo "2307"]
[PlyCount "70"]
[EventDate "2010.07.18"]
[EventType "team-swiss"]
[EventRounds "9"]
[EventCountry "BIH"]
[SourceTitle "CBM 137 Extra"]
[Source "ChessBase"]
[SourceDate "2010.09.01"]
[SourceVersion "1"]
[SourceVersionDate "2010.09.01"]
[SourceQuality "1"]

1. e4 d6 2. d4 Nf6 3. Nc3 e5 4. dxe5 dxe5 5. Qxd8+ Kxd8 6. Bg5 Be6 7. Nf3 Nbd7 8. a3 a6 9. Nd2 h6 10. Bh4 g5 11. Bg3 Nh5 12. Bc4 Bc5 13. Bxe6 fxe6 14. Nb3 Bb6 15. Ne2 Ke7 16. f3 Nf4 17. Nxf4 exf4 18. Bf2 Bxf2+ 19. Kxf2 Ne5 20. Nd2 Rad8 21. Ke2 h5 22. h3 Rd7 23. Rad1 Rhd8 24. b3 Nc6 25. c3 Rd3 26. Nb1 Re3+ 27. Kf2 Rxd1 28. Rxd1 Ne5 29. Kg1 b5 30. b4 g4 31. fxg4 hxg4 32. hxg4 Nxg4 33. Rc1 Rxe4 34. Nd2 Re2 35. Nf3 Ne3 0-1

[Event "BIH-chT1"]
[Site "Tuzla"]
[Date "2010.07.19"]
[Round "2"]
[White "Bosnjak, Damir"]
[Black "Stavnjak, Lazar"]
[Result "1-0"]
[WhiteElo "2307"]
[BlackElo "2254"]
[PlyCount "54"]
[EventDate "2010.07.18"]
[EventType "team-swiss"]
[EventRounds "9"]
[EventCountry "BIH"]
[SourceTitle "CBM 137 Extra"]
[Source "ChessBase"]
[SourceDate "2010.09.01"]
[SourceVersion "1"]
[SourceVersionDate "2010.09.01"]
[SourceQuality "1"]

1. e4 e6 2. d4 d5 3. Nd2 Nf6 4. e5 Nfd7 5. Bd3 b6 6. Ne2 c5 7. c3 Ba6 8. Bxa6 Nxa6 9. 0-0 Be7 10. f4 g6 11. Nf3 Nc7 12. Be3 Qc8 13. a4 Nb8 14. a5 Nc6 15. axb6 axb6 16. Qb3 Rb8 17. g4 Qd7 18. Ng3 c4 19. Qc2 Na5 20. f5 Qc6 21. Ng5 Bxg5 22. Bxg5 Nb3 23. Ra7 Ra8 24. Rxa8+ Qxa8 25. fxg6 hxg6 26. Qf2 Rh7 27. Qf6 Kf8 1-0

[Event "BIH-chT2"]
[Site "Neum"]
[Date "2008.08.25"]
[Round "4.4"]
[White "Hasanicevic, Sakib"]
[Black "Bosnjak, Damir"]
[Result "0-1"]
[WhiteElo "2155"]
[BlackElo "2269"]
[PlyCount "106"]
[EventDate "2008.08.23"]
[EventType "team"]
[EventRounds "9"]
[EventCountry "BIH"]
[SourceTitle "CBM 126 Extra"]
[Source "ChessBase"]
[SourceDate "2008.11.05"]
[SourceVersion "1"]
[SourceVersionDate "2008.11.05"]
[SourceQuality "1"]

1. d4 d6 2. c4 e5 3. dxe5 dxe5 4. Qxd8+ Kxd8 5. Nc3 Be6 6. e3 Nd7 7. Nf3 f6 8. Be2 Bb4 9. Bd2 Ne7 10. 0-0 Bxc3 11. Bxc3 a5 12. Rfd1 Nc6 13. Nd2 Ke7 14. Bf3 Ra6 15. Rac1 Nc5 16. b3 Nb4 17. a3 Na2 18. Rc2 Nxc3 19. Rxc3 Rb6 20. Kf1 Rd8 21. Be2 e4 22. Ke1 f5 23. h4 Rbd6 24. g3 Bf7 25. b4 Nd3+ 26. Bxd3 Rxd3 27. Rxd3 Rxd3 28. bxa5 Rxa3 29. Rb1 Rxa5 30. Rxb7 Ra1+ 31. Rb1 Rxb1+ 32. Nxb1 Bxc4 33. Kd2 Kf6 34. Nc3 g5 35. hxg5+ Kxg5 36. Na4 Kg4 37. Nc5 Kf3 38. Ke1 h5 39. Nd7 Be6 40. Ne5+ Kg2 41. Ng6 Kf3 42. Ne5+ Kg2 43. Ng6 Kg1 44. Nf4 Bf7 45. Ne2+ Kg2 46. Nd4 f4 47. exf4 e3 48. fxe3 Kxg3 49. f5 h4 50. Kf1 Bc4+ 51. Kg1 h3 52. e4 h2+ 53. Kh1 Bf1 0-1

[Event "BIH-chT2"]
[Site "Neum"]
[Date "2008.08.23"]
[Round "1.4"]
[White "Bosnjak, Damir"]
[Black "Prastalo, Borislav"]
[Result "1-0"]
[WhiteElo "2269"]
[BlackElo "2320"]
[PlyCount "87"]
[EventDate "2008.08.23"]
[EventType "team"]
[EventRounds "9"]
[EventCountry "BIH"]
[SourceTitle "CBM 126 Extra"]
[Source "ChessBase"]
[SourceDate "2008.11.05"]
[SourceVersion "1"]
[SourceVersionDate "2008.11.05"]
[SourceQuality "1"]

1. e4 e6 2. d4 d5 3. Nd2 Nf6 4. e5 Ng8 5. Bd3 b6 6. c3 Qd7 7. Ne2 Ba6 8. Bxa6 Nxa6 9. b4 c5 10. a3 h5 11. Nf3 Nc7 12. 0-0 c4 13. a4 a6 14. Bg5 Be7 15. Nf4 g6 16. h4 0-0-0 17. g3 Ne8 18. b5 a5 19. Qe2 Ng7 20. Bxe7 Qxe7 21. Ng5 Nf5 22. Ngxe6 fxe6 23. Nxg6 Qg7 24. Nxh8 Qxh8 25. Kh2 Qh6 26. Ra2 Rd7 27. Qd2 Qg6 28. Rg1 Rg7 29. Qf4 Nge7 30. f3 Qf7 31. Rf2 Ng6 32. Qc1 Qe7 33. Qg5 Qxg5 34. hxg5 h4 35. g4 Ng3 36. f4 Ne4 37. Rff1 Nxc3 38. f5 Nf8 39. g6 Ne2 40. Rg2 Ng3 41. Rf4 Ne4 42. Kh3 Rg8 43. Rxe4 dxe4 44. Kxh4 1-0

[Event "BIH CFFBH-chT1"]
[Site "Neum"]
[Date "2007.08.29"]
[Round "7"]
[White "Bosnjak, Damir"]
[Black "Dugonjic, Dragan"]
[Result "1-0"]
[WhiteElo "2259"]
[BlackElo "2129"]
[PlyCount "67"]
[EventDate "2007.08.25"]
[EventType "team-tourn"]
[EventRounds "9"]
[EventCountry "BIH"]
[SourceTitle "EXT 2023"]
[Source "ChessBase"]
[SourceDate "2022.10.05"]
[SourceVersion "1"]
[SourceVersionDate "2022.10.05"]
[SourceQuality "1"]

1. e4 d6 2. d4 Nf6 3. Nc3 Nbd7 4. f4 g6 5. Nf3 Bg7 6. Bd3 0-0 7. 0-0 c6 8. a4 a5 9. Kh1 e5 10. dxe5 dxe5 11. f5 Nc5 12. Nxe5 Nfxe4 13. Nxe4 Nxe4 14. fxg6 Bxe5 15. Qh5 hxg6 16. Qxe5 Re8 17. Qf4 Bf5 18. g4 Qd5 19. Kg1 Bd7 20. b3 Nc3 21. Be3 b5 22. h3 c5 23. axb5 Bxb5 24. Bxb5 Nxb5 25. c4 Qe6 26. Bxc5 Nc3 27. Kh2 Qe5 28. Qxe5 Rxe5 29. Bd4 Re2+ 30. Rf2 Rxf2+ 31. Bxf2 f6 32. Be1 Ne4 33. Rxa5 Ng5 34. Rxa8+ 1-0

[Event "BIH CFFBH-ch 1st"]
[Site "Travnik"]
[Date "2007.08.04"]
[Round "6"]
[White "Trkulja, Goran"]
[Black "Bosnjak, Damir"]
[Result "1/2-1/2"]
[WhiteElo "2303"]
[BlackElo "2259"]
[PlyCount "112"]
[EventDate "2007.08.02"]
[EventType "swiss"]
[EventRounds "7"]
[EventCountry "BIH"]
[SourceTitle "EXT 2023"]
[Source "ChessBase"]
[SourceDate "2022.10.05"]
[SourceVersion "1"]
[SourceVersionDate "2022.10.05"]
[SourceQuality "1"]

1. e4 c5 2. Nf3 Nc6 3. d4 cxd4 4. Nxd4 Nf6 5. Nc3 e5 6. Ndb5 d6 7. a4 a6 8. Na3 Be6 9. Bg5 Be7 10. Nc4 Bxc4 11. Bxc4 0-0 12. Be3 Rc8 13. 0-0 Na5 14. Be2 Nc4 15. Bc1 Qa5 16. Qd3 Rfd8 17. b3 Ne3 18. Bxe3 Qxc3 19. Bb6 Rd7 20. Qxc3 Rxc3 21. Bd3 Rc6 22. a5 d5 23. exd5 Rxd5 24. Rfd1 Bc5 25. Bxc5 Rcxc5 26. b4 Rc7 27. c4 Rd4 28. Bf1 Rcd7 29. Rxd4 exd4 30. Bd3 g6 31. b5 Rc7 32. Re1 Kf8 33. Kf1 axb5 34. cxb5 Rc3 35. Rd1 Ra3 36. a6 bxa6 37. bxa6 Nd5 38. Bc4 Nc3 39. Re1 Ra4 40. Bd3 Ra5 41. g3 Nd5 42. Rb1 Nc7 43. Rb7 Nxa6 44. Ra7 Ra1+ 45. Kg2 Nc5 46. Rxa1 Nxd3 47. Rd1 Ne5 48. Rxd4 Kg7 49. f4 Ng4 50. h3 Ne3+ 51. Kf3 Nf5 52. Rd7 h5 53. g4 hxg4+ 54. hxg4 Nh6 55. Ra7 Kf8 56. Rb7 Kg7 1/2-1/2

[Event "BIH CFFBH-chT1A"]
[Site "Neum"]
[Date "2006.08.28"]
[Round "3"]
[White "Bosnjak, Damir"]
[Black "Radic, Bojan"]
[Result "1/2-1/2"]
[WhiteElo "2269"]
[BlackElo "2115"]
[PlyCount "29"]
[EventDate "2006.08.26"]
[EventType "team-tourn"]
[EventRounds "9"]
[EventCountry "BIH"]
[SourceTitle "EXT 2023"]
[Source "ChessBase"]
[SourceDate "2022.10.05"]
[SourceVersion "1"]
[SourceVersionDate "2022.10.05"]
[SourceQuality "1"]

1. e4 c5 2. Nf3 e6 3. d4 cxd4 4. Nxd4 Nc6 5. Nc3 Qc7 6. Be3 a6 7. Be2 Nf6 8. a3 Be7 9. 0-0 0-0 10. Kh1 d6 11. f4 Bd7 12. Qe1 Nxd4 13. Bxd4 e5 14. Be3 Bc6 15. Bd3 1/2-1/2

[Event "BIH-chT2"]
[Site "Neum"]
[Date "2005.08.20"]
[Round "1"]
[White "Bosnjak, Damir"]
[Black "Osmanovic, Kemal"]
[Result "1/2-1/2"]
[WhiteElo "2297"]
[BlackElo "2337"]
[PlyCount "31"]
[EventDate "2005.08.20"]
[EventType "team"]
[EventRounds "9"]
[EventCountry "BIH"]
[SourceTitle "EXT 2007"]
[Source "ChessBase"]
[SourceDate "2006.11.23"]
[SourceVersion "1"]
[SourceVersionDate "2006.11.23"]
[SourceQuality "1"]

1. e4 c5 2. Nf3 e6 3. d4 cxd4 4. Nxd4 a6 5. Nc3 b5 6. Be3 Qc7 7. Qd2 Nf6 8. f3 Bb7 9. Bd3 Nc6 10. 0-0-0 Nxd4 11. Bxd4 Bc5 12. Qe3 Rc8 13. e5 Nd5 14. Nxd5 Bxd5 15. Kb1 0-0 16. h4 1/2-1/2

[Event "BIH-chT"]
[Site "Neum"]
[Date "2004.06.02"]
[Round "5.6"]
[White "Bosnjak, Damir"]
[Black "Rasidovic, Sead"]
[Result "0-1"]
[WhiteElo "2326"]
[BlackElo "2289"]
[PlyCount "62"]
[EventDate "2004.05.29"]
[EventType "team"]
[EventRounds "9"]
[EventCountry "BIH"]
[SourceTitle "CBM 102"]
[Source "ChessBase"]
[SourceDate "2004.09.23"]
[SourceVersion "1"]
[SourceVersionDate "2004.09.23"]
[SourceQuality "1"]
[WhiteTeam "Sarajevo Napredak"]
[BlackTeam "Sarajevo Zeljeznicar"]
[WhiteTeamCountry "BIH"]
[BlackTeamCountry "BIH"]

1. e4 e6 2. d4 d5 3. Nd2 Nf6 4. e5 Nfd7 5. c3 c5 6. Bd3 Nc6 7. Ne2 cxd4 8. cxd4 f6 9. Nf4 Nxd4 10. Qh5+ Ke7 11. Ng6+ hxg6 12. exf6+ Nxf6 13. Qxh8 Kf7 14. 0-0 Nh5 15. Nb3 Nxb3 16. axb3 e5 17. Be3 a6 18. f4 e4 19. f5 Nf6 20. fxg6+ Kxg6 21. Be2 Bd7 22. Rxf6+ Kxf6 23. Bg5+ Kxg5 24. Qh5+ Kf6 25. Rf1+ Ke7 26. Qxd5 Qb6+ 27. Kh1 Be6 28. Qg5+ Kd7 29. Bg4 Re8 30. Qd5+ Kc7 31. Rf7+ Bxf7 0-1